| 000 | 01059nam a22002897i 4500 | ||
|---|---|---|---|
| 003 | EG-ScBUE | ||
| 005 | 20240820095911.0 | ||
| 008 | 200219r20242022ii a f 001 0 eng d | ||
| 020 | _a9789354657023 | ||
| 040 |
_aEG-ScBUE _beng _erda _cEG-ScBUE _dEG-ScBUE |
||
| 082 | 0 | 4 |
_222 _a616.002461 _bPHY |
| 245 | 0 | 0 |
_aPhysiotherapy in general medical and surgical conditions / _peditors, Megha Sandeep Sheth, MPT, lecturer, SBB College of Physiotherapy, Ahmedabad, Gujarat, India [and three others] |
| 250 | _aReprint edition. | ||
| 264 | 1 |
_aNew Delhi : _bJaypee Brothers Medical Publishers, _c2024. |
|
| 300 |
_axvi, 486 pages : _billustrations (some color) ; _c32 cm |
||
| 336 |
_2rdacontent _atext _btxt |
||
| 337 |
_2rdamedia _aunmediated _bn |
||
| 338 |
_2rdacarrier _avolume _bnc |
||
| 500 | _aIncludes index. | ||
| 650 | 7 |
_aPhysical therapy. _2BUEsh |
|
| 650 | 7 |
_aPostoperative care. _2BUEsh |
|
| 650 | 7 |
_aMedicine, Physical. _2BUEsh |
|
| 653 |
_cAugust2024 _bPT |
||
| 655 | _vReading book | ||
| 700 | 1 |
_aSheth, Megha Sandeep, _eeditor. |
|
| 942 |
_2ddc _cBB |
||
| 999 |
_c30811 _d30782 |
||